Comentarios al cd̤igo civil y compilaciones forales

Bibliographic Details
Corporate Author: Baleares (Comunidad Autn̤oma)
Other Authors: Albaladejo Garca̕, Manuel (Conductor), Clar Garau, Raimundo (comp.)
Format: Unknown
Language:Spanish
Published: Baleares : Edersa, 1980
Subjects:
Online Access:Acceso restringido

MARC

LEADER 00000ny a22000003n 4500
005 20110622110114.0
008 011030s1980 sp 000 0 spa d
020 |a 9788471302168 
020 |a 9788471303202 
035 |a 4653 
040 |a BUC  |d vLex 
090 |c 992  |d 992 
245 0 0 |a Comentarios al cd̤igo civil y compilaciones forales  |h [Recurso electrn̤ico]  |c Miguel Albadalejo ... [et al.] 
256 |a Servicio en ln̕ea 
260 |a Baleares :  |b Edersa,  |c 1980 
300 |a T. 31 ;  |c 22 cm 
500 |a Antecede al tt̕ulo: Revista de Derecho Privado 
505 |a Tomo XXXI, Vol. 1ð: Artc̕ulos 1 a 63 de la compilacion de Baleares 
506 1 |a Contenido solo disponible en los productos indicados  |d vLex Global  |d vLex Global (Academic Edition, excluding Law Schools)  |d vLex Global (U.S. Academic Edition, Law Schools)  |d vLex Global (U.S. Academic Edition, excluding Law Schools)  |d vLex Global (Academic Edition, Law Schools) 
650 0 4 |a Derecho civil  |z Espaą  |z Baleares  |x Jurisprudencia 
700 1 |a Albaladejo Garca̕, Manuel,  |e dir. 
700 1 |a Clar Garau, Raimundo,  |e comp. 
710 1 |a Baleares (Comunidad Autn̤oma).  |t Leyes, etc., derecho civil foral 
740 0 |a vLex Libros (Servicios en ln̕ea) 
856 4 0 |z Acceso restringido  |u http://vlex.com/source/4653 
942 |c BOOK 
999 4 |a Derecho civil-  |z Espaą-  |z Baleares (Comunidad Autn̤oma)-